000 00233nam a22000857a 4500
008 170201b xxu||||| |||| 00| 0 eng d
100 _92731
_aCBSE
245 _aCBSE CCE Sample Paper in Science Class-Ix
260 _aNew delhi
_bBest Bok
_c2013
999 _c5898
_d5898